|
|
|
|
| LEADER |
00739naa a2200193 i 4500 |
| 001 |
acta61348 |
| 005 |
20260224081030.0 |
| 008 |
190916s2016 hu o 100 eng d |
| 040 |
|
|
|a SZTE Egyetemi Kiadványok Repozitórium
|b hun
|
| 041 |
|
|
|a eng
|
| 100 |
1 |
|
|a Molnár Pál
|
| 245 |
1 |
0 |
|a Some effects of community based inquiry learning supported by networked technology
|h [elektronikus dokumentum] /
|c Molnár Pál
|
| 260 |
|
|
|c 2016
|
| 300 |
|
|
|a 84
|
| 490 |
0 |
|
|a Pedagógiai Értékelési Konferencia
|v 14
|
| 695 |
|
|
|a Oktatáskutatás - előadáskivonat
|
| 700 |
0 |
1 |
|a Pintér Henriett
|e aut
|
| 710 |
|
|
|a Pedagógiai Értékelési Konferencia (14.) (2016) (Szeged)
|
| 856 |
4 |
0 |
|u http://acta.bibl.u-szeged.hu/61348/1/pek_2016_084.pdf
|z Dokumentum-elérés
|